Этюды об Эйнштейне

Dettagli Bibliografici
Autore principale: Кузнецов Б. Г. Борис Григорьевич
Lingua:russo
Pubblicazione: Москва, Наука, 1965
Serie:Библиотека по теории относительности
Soggetti:
Natura: Libro
KOHA link:https://koha.lib.tpu.ru/cgi-bin/koha/opac-detail.pl?biblionumber=250469

MARC

LEADER 00000nam0a2200000 4500
001 250469
005 20231101232551.0
035 |a (RuTPU)RU\TPU\book\272669 
035 |a RU\TPU\book\67671 
090 |a 250469 
100 |a 20140213d1965 k y0rusy50 ca 
101 0 |a rus 
102 |a RU 
105 |a a z 001zd 
200 1 |a Этюды об Эйнштейне  |f Б. Г. Кузнецов 
210 |a Москва  |c Наука  |d 1965 
215 |a 383 с.  |c ил. 
225 1 |a Библиотека по теории относительности 
600 0 |a Эпикур  |c древнегреческий философ  |f 341-270 до н.э.  |2 stltpui  |3 (RuTPU)RU\TPU\pers\532  |9 252 
600 1 |a Ариосто 
600 1 |a Достоевский  |g Федор Михайлович  |f 1821-1881  |c русский писатель  |2 stltpui  |3 (RuTPU)RU\TPU\pers\1038 
600 0 |a Аристотель  |c древнегреческий философ и учёный-энциклопедист из Стагиры  |f 384 - 322 до н.э.  |2 stltpui  |3 (RuTPU)RU\TPU\pers\24  |9 15 
600 1 |a Бор  |g Нильс Хедрик Давид  |b Н. Х. Д.  |c датский физик  |f 1885-1962  |2 stltpui  |3 (RuTPU)RU\TPU\pers\950 
600 1 |a Эйнштейн  |g Альберт  |b А.  |c физик-теоретик  |c Нобелевский лауреат  |f 1879-1955  |2 stltpui  |3 (RuTPU)RU\TPU\pers\817 
600 1 |a Спиноза  |g Бенедикт (Барух)  |c нидерландский философ  |f 1632-1677  |b Б.  |2 stltpui  |3 (RuTPU)RU\TPU\pers\434 
600 1 |a Галилей  |b Г.  |c итальянский учёный  |c один из основателей точного естествознания  |f 1564-1642  |g Галилео  |2 stltpush  |3 (RuTPU)RU\TPU\pers\94  |9 56 
600 1 |a Мах  |b Э.  |g Эрнст  |c австрийский физик  |f 1838 - 1916  |2 stltpush  |3 (RuTPU)RU\TPU\pers\8501 
600 0 |a Лукреций  |c полное имя Тит Лукреций Кар  |c римский поэт  |c философ  |f 1 в. до н. э.  |2 stltpush  |3 (RuTPU)RU\TPU\pers\5642  |9 1122 
606 |a Физики  |x Персоналии  |2 stltpush  |3 (RuTPU)RU\TPU\subj\67452  |9 83245 
606 |a Относительности теория  |2 stltpush  |3 (RuTPU)RU\TPU\subj\47735  |9 66647 
610 1 |a физика 
610 1 |a физическая наука 
610 1 |a относительности теория 
610 1 |a бесконечность 
610 1 |a относительность 
675 |a 53(092)  |v 3 
675 |a 530.12  |v 3 
700 1 |a Кузнецов  |b Б. Г.  |g Борис Григорьевич 
801 1 |a RU  |b 63413507  |c 20040520  |g PSBO 
801 2 |a RU  |b 63413507  |c 20170127  |g PSBO 
942 |c BK